Central Library OPAC University of Rajshahi

Nuclear theory / (Record no. 9288)

MARC details
000 -LEADER
fixed length control field 00770nam a2200253 a 4500
001 - CONTROL NUMBER
control field 9288
003 - CONTROL NUMBER IDENTIFIER
rucl marc code BD-RjUL
005 - DATE AND TIME OF LATEST TRANSACTION
control field 20211208234741.0
008 - FIXED-LENGTH DATA ELEMENTS--GENERAL INFORMATION
fixed length control field 161211r19551953mau 001 0 eng d
035 ## - SYSTEM CONTROL NUMBER
System control number (BD-RjUL)9333
040 ## - CATALOGING SOURCE
Original cataloging agency BD-RjUL
Language of cataloging eng
Transcribing agency BD-RjUL
041 ## - LANGUAGE CODE
Language code of text/sound track or separate title eng
082 00 - DEWEY DECIMAL CLASSIFICATION NUMBER
Classification number 539.7
Author mark and year SAN 1955
Edition number 23
100 1# - MAIN ENTRY--PERSONAL NAME
Personal name Sachs, Robert Green,
Dates associated with a name 1916-
9 (RLIN) 28826
245 10 - TITLE STATEMENT
Title Nuclear theory /
Statement of responsibility, etc. by Robert G. Sachs.
260 ## - PUBLICATION, DISTRIBUTION, ETC. (IMPRINT)
Place of publication, distribution, etc. Cambridge, Mass :
Name of publisher, distributor, etc. Addison-Wesley Pub. Co,
Date of publication, distribution, etc. 1953 [reprinted 1955].
300 ## - PHYSICAL DESCRIPTION
Pagination xi, 383 p. :
Illustrations ill. ;
Size 24 cm.
490 1# - SERIES STATEMENT
Series statement A-W series in advanced physics
504 ## - BIBLIOGRAPHY, ETC. NOTE
Bibliography, etc Includes indexes.
650 #0 - SUBJECT ADDED ENTRY--TOPICAL TERM
Topical term or geographic name as entry element Nuclear physics.
9 (RLIN) 28827
Topical term or geographic name as entry element Two-body problem.
9 (RLIN) 28828
830 #0 - SERIES ADDED ENTRY--UNIFORM TITLE
Uniform title A-W series in advanced physics
942 ## - ADDED ENTRY ELEMENTS (KOHA)
Source of classification or shelving scheme Dewey Decimal Classification
Koha item type Books
Holdings
Lost status Source of classification or shelving scheme Damaged status Not for loan Collection code Permanent Location Current Location Shelving location Date acquired Source of acquisition Cost, normal purchase price Total Checkouts Full call number Date last seen Copy number Koha item type
  Dewey Decimal Classification     Non-fiction Central Library, University of Rajshahi Central Library, University of Rajshahi   26/01/1962 B.H. Blackwell 11.80   539.7 SAN 1955 20/01/2014 C-2 Books
  Dewey Decimal Classification     Non-fiction Central Library, University of Rajshahi Central Library, University of Rajshahi   26/01/1962 B.H. Blackwell 11.80   539.7 SAN 1955 11/12/2016 C-3 Books
  Dewey Decimal Classification   Not For Loan Non-fiction Central Library, University of Rajshahi Central Library, University of Rajshahi Reading Room 12/05/1959 Blackweel 6.16   539.7 SAN 1955 11/05/2017 C-1 Books
  Dewey Decimal Classification     Non-fiction Central Library, University of Rajshahi Central Library, University of Rajshahi   12/05/1959 Blackweel 6.16   539.7 SAN 1955 11/05/2017 C-4 Books
  Dewey Decimal Classification     Non-fiction Central Library, University of Rajshahi Central Library, University of Rajshahi   12/05/1959 Blackweel 6.16   539.7 SAN 1955 11/05/2017 C-5 Books